| 000 -CABECERA |
| Campo de control de longitud fija |
00702nam a22001577a 4500 |
| 008 - CAMPO FIJO DE DESCRIPCIÓN FIJA--INFORMACIÓN GENERAL |
| Campo de control de longitud fija |
230404b ||||| |||| 00| 0 eng d |
| 020 ## - ISBN (INTERNATIONAL STANDARD BOOK NUMBER) |
| ISBN |
9789284698509 |
| 040 ## - FUENTE DE CATALOGACIÓN |
| Agencia de catalogación original |
CDMR |
| 110 2# - ENCABEZAMIENTO PRINCIPAL--NOMBRE CORPORATIVO |
| 9 (RLIN) |
2840 |
| Nombre corporativo o de jurisdicción como elemento de entrada |
Unió Europea |
| Unidad subordinada |
Parlament. Oficina a Barcelona |
| 245 ## - MENCIÓN DE TÍTULO |
| Título |
Guia per a periodistes |
| Parte restante del título |
: 2022-2024 / |
| Mención de responsabilidad, etc. |
Parlament Europeu. Oficina a Barcelona |
| 260 ## - PUBLICACIÓN, DISTRIBUCIÓN, ETC (PIE DE IMPRENTA) |
| Lugar de publicación, distribución, etc. |
[Barcelona]: |
| Nombre del editor, distribuidor, etc. |
Oficina del Parlament Europeu a Barcelona, DG Comunicació, |
| Fecha de publicación, distribución, etc. |
2022 |
| 300 ## - DESCRIPCIÓN FÍSICA |
| Extensión |
55 pàgines |
| 650 #0 - ASIENTO SECUNDARIO DE MATERIA--TÉRMINO DE MATERIA |
| 9 (RLIN) |
3923 |
| Nombre de materia o nombre geográfico como elemento de entrada |
Mitjans de comunicació de massa |
| Subdivisión de forma |
Directoris |
| 856 ## - ACCESO ELECTRÓNICO |
| Identificador uniforme del recurso URI |
<a href="https://www.europarl.europa.eu/spain/barcelona/resource/static/files/import/press_releases/guia-periodistes-2022-2024_pdf.pdf">https://www.europarl.europa.eu/spain/barcelona/resource/static/files/import/press_releases/guia-periodistes-2022-2024_pdf.pdf</a> |
| Nota Pública |
Accés en línia |
| 942 ## - ELEMENTOS KOHA |
| Fuente de clasificación o esquema de ordenación en estanterías |
|
| Koha tipo de item |
Fullets |